| 000 | 00892nas a2200301 4500 | ||
|---|---|---|---|
| 001 | BR9601983 | ||
| 003 | BR-BrBNA | ||
| 005 | 20231205095748.0 | ||
| 007 | ta | ||
| 008 | 230509b bl.|||p| |||| 00| 00por d | ||
| 040 |
_aBR-BrBNA _bpor _cBiblioteca Nacional de Agricultura |
||
| 041 | _a(Pt) | ||
| 072 | _aF02 | ||
| 100 | 1 | _aOtoni, W.C. | |
| 100 | 1 | _aCasali, V.W.D. | |
| 100 | 1 | _aCecon, P.R. | |
| 100 | 1 | _aMaria, J. | |
| 100 | 1 | _aPower, J.B. | |
| 100 | 1 | _aDavey, M.R. | |
| 245 | 1 | _aInfluencia do antibiotico cefotaxima na cultura de protoplastos derivados de mesofilo de Passiflora incarnata L. | |
| 650 | _aMaracuja | ||
| 650 | _aCultura de Tecido | ||
| 650 | _aAntibiotico | ||
| 650 | _aMesofilo | ||
| 773 | 0 |
_tRevista Ceres (Brazil) _xISSN 0034-737X _g(Sep-Oct 1995), v. 42(243) p. 507-515 _wBR9601983 |
|
| 909 |
_a202311 _bLúcia _c55 _dLúcia Elande |
||
| 942 |
_2AGRIS _n0 _cANA |
||
| 999 |
_c152568 _d152568 |
||